00380nam a2200133Ia 4500003000400000008004100004020002300045040000800068100002200076245008200098260004000180300001500220365001100235LDD181029s9999 xx 000 0 und d a8185589461c695.00 cLDD aRamachandra, T.V. 0aSoil and groundwater pollution from agricultural activitiescT.V. Ramachandra aNew DelhibCapital Publishingc2006 axiv, 331p. b695.00